000 01077naa a22002897a 4500
001 BR8705770
003 BR-BrBNA
005 20240918175847.0
007 ta
008 230509b bl.||||| |||| 00| 0 por d
040 _aBR-BrBNA
_bpor
_cBiblioteca Nacional de Agricultura
041 _a(Pt)
072 _aP33; N20
090 _aP33 BR8705770
100 1 _aCunha, N. de S.
100 1 _aCampos Neto, S.
111 1 _aSimposio Nacional de Solos Organicos
_cCuritiba, PR (Brazil)
_d26-30 Nov 1984
245 1 _aDificuldades e possibilidades de mecanizacao dos solos organicos
260 3 _aCuritiba, PR (Brasil):
_c1984.
500 _aMazuchowski, J.Z. (ed.) Anais do Simposio Nacional de Solos Organicos Curitiba, PR (Brasil): 1984. p. 89-100 (BR8705770-AM)P33
650 _aSOLO ORGANICO
650 _aMECANIZACAO AGRICOLA
650 _aPRATICA CULTURAL
773 0 _tAnais do Simposio Nacional de Solos Organicos
_aMazuchowski, J.Z. (ed.)
_wP33 BR8705770
_gCuritiba, PR (Brasil), 1984. p. 89-100
909 _a202404
_bLucia
_c55
_dLucia Elande
942 _cAM
_2AGRIS
999 _c318473
_d318473